|
|
|
|
| LEADER |
00000nam0a2200000 4500 |
| 001 |
364112 |
| 005 |
20231102011645.0 |
| 035 |
|
|
|a (RuTPU)RU\TPU\retro\21470
|
| 090 |
|
|
|a 364112
|
| 100 |
|
|
|a 20211028d1980 km y0rusy50 ca
|
| 101 |
0 |
|
|a rus
|
| 102 |
|
|
|a RU
|
| 105 |
|
|
|a a z 001zy
|
| 200 |
1 |
|
|a Повышение эффективности разработки и использования недр КМА
|f отв. ред. Н. Я, Репин
|
| 210 |
|
|
|a Воронеж
|c Изд-во Воронежского гос. ун-та
|d 1980
|
| 215 |
|
|
|a 140 с.
|c ил.
|
| 320 |
|
|
|a Библиогр. в конце ст.
|
| 606 |
1 |
|
|a Железорудные месторождения
|x Геология
|2 stltpush
|3 (RuTPU)RU\TPU\subj\10758
|9 37787
|
| 606 |
1 |
|
|a Железные руды
|x Добыча
|x Экономическая эффективность
|2 stltpush
|3 (RuTPU)RU\TPU\subj\10509
|9 37571
|
| 610 |
1 |
|
|a разработка
|
| 610 |
1 |
|
|a использование
|
| 610 |
1 |
|
|a КМА
|
| 610 |
1 |
|
|a Курская магнитная аномалия
|
| 610 |
1 |
|
|a открытая разработка
|
| 610 |
1 |
|
|a технико-экономические показатели
|
| 610 |
1 |
|
|a карьеры
|
| 610 |
1 |
|
|a транспортные работы
|
| 610 |
1 |
|
|a транспортное оборудование
|
| 675 |
|
|
|a 553..31
|v 4
|
| 675 |
|
|
|a 622.341.1
|v 4
|
| 702 |
|
1 |
|a Репин
|b Н. Я,
|4 340
|
| 801 |
|
1 |
|a RU
|b 63413507
|c 20211028
|
| 942 |
|
|
|c BK
|